01422 2200397 4500001002100000005001500021035002000036007000300056008004100059020002200100082001400122084001600136100002500152245023800177250003400415300004000449650003100489700005400520700002700574700003500601700002400636700002400660700005300684700003500737504003300772264003400805336002100839337003000860338002300890040002200913090002000935090002200955850001200977041001300989990002201002INLIS00000000084672420191029051204 a0010-0519000059ta190502s2018 yoia f | ind d a978-602-52763-2-304223a297.5 a297.5 SYA p0 aSyamsyrijalepenulis10aPelayanan agama dan pemenuhan hak-hak minoritas /cSyamsyrijal, Saprilla Muhammad Irfan Syuhudi Paisal, Siti Arafah, Abd. Kadir R Sabara, Muhammad Ali Saputra Muhammad Dachlan; editor, Muhammad Irfan Syuhudi, Syamsurijal, Siti Arafah aCetakan pertama, Oktober 2018 aviii, 260 halaman :btabel ;c24 cm 4aKehidupan beragama (Islam)0 aSaprilla Muhammad Irfan Syuhudi PaisalePengarang0 aSiti ArafahePengarang0 aMuhammad Irfan Syuhudieeditor0 aSyamsurijaleeditor0 aSiti Arafaheeditor0 aMuhammad Ali Saputra Muhammad DachlanePengarang0 aAbd. Kadir R SabaraePengarang aBibliografi: halaman 259-260 aBantul :bLintas Nalar,c2018 2rdacontentateks 2rdamediaatanpa perantara 2rdacarrieravolume aYOPDYOGbinderda aDEP 297.5 SYA p aCB-D.11 2018-2039 aYOPDYOG0 aindgara aCB-D.11/2018-2039